Fortnite - Chapter 6: Season 3 Named Locations - Statistics

General Stats
  • This quiz has been taken 3 times
  • The average score is 13 of 18
Answer Stats
Picture Answer % Correct
Brutal Boxcars
100%
Crime City
100%
Flooded Frogs
100%
Foxy Floodgate
100%
Resistance Base
100%
Canyon Crossing
67%
Demon's Domain
67%
First Order Base
67%
Kappa Kappa Factory
67%
Lonewolf Lair
67%
Outlaw Oasis
67%
Outpost Enclave
67%
Pumped Power
67%
Shining Span
67%
Shiny Shafts
67%
Supernova Academy
67%
Utopia City
67%
Shogun's Solitude
33%
No matching quizzes found
Score Distribution
Percent of People with Each Score
Percentile by Number Answered
Your Score History
You have not taken this quiz